000 00328nam a22001337a 4500
008 170607b xxu||||| |||| 00| 0 eng d
020 _a0824785908
041 _aeng
080 _a328
100 _a18
101 _aSH[P
245 _aPERSONE; MANAGMNET IN GOVERNMENT POLITICS AND PROCESS
_cSHAFRITZ.J.M
942 _2udc
_cBK
999 _c16308
_d16308